[Event "?"]
[Site "Warsaw POL"]
[Date "2020.07.21"]
[Round "1.1"]
[White "Bartel, Mateusz"]
[Black "Teclaf, Pawel"]
[Result "1/2-1/2"]
[WhiteElo "2648"]
[BlackElo "2451"]
[EventDate "2020.07.21"]
[PlyCount "60"]

1.c4 b6 2.Nc3 Bb7 3.d4 e6 4.e4 Bb4 5.f3 Ne7 6.Ne2 Nbc6 7.d5 Ne5 8.a3 Bxc3+
9.Nxc3 O-O 10.f4 N5g6 11.h4 f5 12.h5 Nh8 13.g4 fxe4 14.Bg2 exd5 15.cxd5 
Nf7 16.Be3 c6 17.dxc6 dxc6 18.Bxe4 Nd5 19.Bxd5 cxd5 20.Qd4 Rc8 21.O-O-O 
Rc4 22.Qxc4 dxc4 23.Rxd8 Rxd8 24.Rg1 Rd3 25.Bd2 Bf3 26.Nb5 a6 27.Nc7 Nd6 
28.Nxa6 Ne4 29.Bb4 Nf6 30.Nc7 Rd7 1/2-1/2

[Event "77th POL-ch"]
[Site "Warsaw POL"]
[Date "2020.07.22"]
[Round "1.2"]
[White "Teclaf, Pawel"]
[Black "Bartel, Mateusz"]
[Result "1/2-1/2"]
[WhiteElo "2451"]
[BlackElo "2648"]
[EventDate "2020.07.21"]
[PlyCount "84"]

1.e4 e5 2.Nf3 Nc6 3.Bc4 Bc5 4.b4 Bxb4 5.c3 Ba5 6.d4 d6 7.Qb3 Qd7 8.O-O Bb6
9.Nbd2 Na5 10.Qc2 Qe7 11.a4 Nf6 12.Ba3 c5 13.Bb5+ Nd7 14.Rfe1 O-O 15.Nf1 
Nf6 16.dxe5 dxe5 17.Ne3 Bc7 18.Bd3 Bg4 19.Nxg4 Nxg4 20.Nd2 Rfd8 21.Be2 Nf6
22.Nf1 Qe6 23.Rab1 c4 24.Bb4 Qc6 25.Ne3 Qxe4 26.Qa2 Rd7 27.Bf3 Qf4 28.Bxa5
Bxa5 29.Bxb7 Rad8 30.g3 Qg5 31.Qxc4 h5 32.Rb5 Rc7 33.h4 Qxe3 34.Rxe3 Rxc4 
35.Rxa5 Rd1+ 36.Kg2 Ng4 37.Rf3 g6 38.Rd5 Rxd5 39.Bxd5 Rc7 40.c4 Kf8 41.Rb3
Nf6 42.Rb5 Ke7 1/2-1/2

[Event "77th POL-ch"]
[Site "Warsaw POL"]
[Date "2020.07.22"]
[Round "1.3"]
[White "Bartel, Mateusz"]
[Black "Teclaf, Pawel"]
[Result "0-1"]
[WhiteElo "2615"]
[BlackElo "2360"]
[EventDate "2020.07.21"]
[PlyCount "122"]

1.c4 Nf6 2.Nc3 c5 3.g3 e6 4.Bg2 d5 5.b3 Be7 6.Nf3 d4 7.Na4 Nc6 8.Ba3 Nd7 
9.e3 e5 10.O-O O-O 11.exd4 e4 12.Ne5 cxd4 13.Nxc6 bxc6 14.Bb2 Nf6 15.d3 
Bg4 16.Qd2 exd3 17.Qxd3 c5 18.Rfe1 Rc8 19.Ba3 Bd6 20.Qd2 Nd7 21.f4 Nf6 22.
Nb2 Bf5 23.h3 Nh5 24.Qf2 Qa5 25.Na4 Bd7 26.Bf3 Nf6 27.Bd1 Bxh3 28.Bc1 Bf5 
29.Bd2 Qc7 30.Bf3 Rfe8 31.Rxe8+ Rxe8 32.Re1 Rxe1+ 33.Qxe1 h5 34.Nb2 h4 35.
g4 Bxg4 36.Bxg4 Nxg4 37.Qxh4 Bxf4 38.Qxg4 Bxd2 39.Nd3 g6 40.Kg2 Be3 41.Qe4
Qa5 42.Qe8+ Kg7 43.Qe5+ Kh7 44.Qh2+ Bh6 45.Kf3 Qd8 46.Qe5 Qh4 47.Kg2 Qg4+ 
48.Kh2 Qf3 49.Qg3 Qxg3+ 50.Kxg3 Bf8 51.Kf3 f5 52.a3 a5 53.Ne5 g5 54.Nc6 
g4+ 55.Ke2 Bd6 56.Nxa5 f4 57.Nb7 f3+ 58.Kf2 d3 59.Ke3 g3 60.Nxd6 g2 61.Kf2
d2 0-1

[Event "77th POL-ch"]
[Site "Warsaw POL"]
[Date "2020.07.22"]
[Round "1.4"]
[White "Teclaf, Pawel"]
[Black "Bartel, Mateusz"]
[Result "1/2-1/2"]
[WhiteElo "2360"]
[BlackElo "2615"]
[EventDate "2020.07.21"]
[PlyCount "100"]

1.e4 e5 2.Nf3 Nc6 3.Bc4 Bc5 4.Nc3 d6 5.Na4 Qf6 6.Nxc5 dxc5 7.d3 h6 8.Be3 
b6 9.h3 Nge7 10.Qe2 Be6 11.Nd2 Bxc4 12.dxc4 Nd4 13.Qd1 Qg6 14.O-O Rd8 15.
c3 O-O 16.Nb1 Ne6 17.Qg4 Rd3 18.Qxg6 Nxg6 19.Nd2 Rfd8 20.Nf3 f6 21.Rfc1 
Kf7 22.Kf1 Ngf4 23.h4 g5 24.g3 Ng6 25.hxg5 hxg5 26.Ke2 R3d6 27.Rh1 Rh8 28.
Rxh8 Nxh8 29.Rh1 Kg7 30.Nh2 Nf7 31.Ng4 Rd8 32.f3 Nd6 33.b3 Nf8 34.Bc1 Ng6 
35.Ne3 Ne7 36.Bd2 Kg6 37.Ng4 Nf7 38.f4 Nd6 39.Rh6+ Kg7 40.fxg5 f5 41.Re6 
Ng6 42.Nxe5 Nxe5 43.Rxe5 Nxe4 44.Be1 Nxg5 45.Rxf5 Re8+ 46.Kd1 Kg6 47.Rf4 
Rh8 48.Bd2 Rh1+ 49.Kc2 Ne6 50.Rf2 Rg1 1/2-1/2

[Event "77th POL-ch"]
[Site "Warsaw POL"]
[Date "2020.07.21"]
[Round "1.1"]
[White "Heberla, Bartlomiej"]
[Black "Nasuta, Grzegorz"]
[Result "1-0"]
[WhiteElo "2572"]
[BlackElo "2558"]
[EventDate "2020.07.21"]
[PlyCount "103"]

1.d4 d5 2.c4 c6 3.Nf3 Nf6 4.Nc3 e6 5.e3 Nbd7 6.Bd3 dxc4 7.Bxc4 b5 8.Be2 
Bb7 9.e4 b4 10.e5 bxc3 11.exf6 Nxf6 12.bxc3 Bd6 13.Rb1 Qc8 14.Bg5 Ne4 15.
Qc2 c5 16.Bb5+ Kf8 17.Be3 cxd4 18.Bxd4 Bc5 19.Be2 Bxd4 20.Nxd4 Nc5 21.f3 
g6 22.Qc1 Kg7 23.Qe3 Rd8 24.h4 h5 25.g4 e5 26.Qxe5+ Kg8 27.Kf1 hxg4 28.h5 
Rd5 29.Qe3 Qe8 30.Qxe8+ Rxe8 31.hxg6 Rg5 32.gxf7+ Kxf7 33.Rh7+ Rg7 34.Bc4+
Kf6 35.Rxg7 Kxg7 36.Rb5 Rc8 37.Rxc5 Rxc5 38.Ne6+ Kf6 39.Nxc5 Bxf3 40.Be2 
Bd5 41.c4 Bf7 42.Kf2 Ke5 43.Kg3 Kd4 44.Nb3+ Kc3 45.c5 Bd5 46.Bxg4 Kb4 47.
Bd7 Bxb3 48.axb3 Kxc5 49.Kf4 Kd4 50.Ba4 a5 51.Kf5 Kd5 52.Kf6 1-0

[Event "77th POL-ch"]
[Site "Warsaw POL"]
[Date "2020.07.22"]
[Round "1.2"]
[White "Nasuta, Grzegorz"]
[Black "Heberla, Bartlomiej"]
[Result "1/2-1/2"]
[WhiteElo "2558"]
[BlackElo "2572"]
[EventDate "2020.07.21"]
[PlyCount "83"]

1.e4 c6 2.Nc3 d5 3.Nf3 dxe4 4.Nxe4 Nf6 5.Qe2 Nxe4 6.Qxe4 Be6 7.Be2 Nd7 8.
d4 Nf6 9.Qd3 Bg4 10.O-O e6 11.h3 Bh5 12.c4 Be7 13.Be3 O-O 14.Rac1 Qc7 15.
Ne5 Bxe2 16.Qxe2 Rfd8 17.Nd3 a5 18.Rfd1 a4 19.Qf3 Rac8 20.g4 b6 21.Kg2 c5 
22.g5 Nd7 23.d5 exd5 24.cxd5 Bd6 25.Rc4 b5 26.Rh4 Nf8 27.Nf4 Ng6 28.Nxg6 
hxg6 29.Re4 Re8 30.h4 Rxe4 31.Qxe4 Qd7 32.Qf3 Re8 33.h5 gxh5 34.Qxh5 Re4 
35.Rh1 Kf8 36.Qf3 Qg4+ 37.Qxg4 Rxg4+ 38.Kf3 Rb4 39.Rb1 Ke7 40.Re1 Kd7 41.
Re2 Rh4 42.b3 1/2-1/2

[Event "77th POL-ch"]
[Site "Warsaw POL"]
[Date "2020.07.21"]
[Round "1.1"]
[White "Gumularz, Szymon"]
[Black "Tomczak, Jacek"]
[Result "0-1"]
[WhiteElo "2513"]
[BlackElo "2605"]
[EventDate "2020.07.21"]
[PlyCount "52"]

1.c4 e5 2.Nc3 Nf6 3.Nf3 Nc6 4.e4 Bb4 5.d3 d6 6.a3 Bc5 7.b4 Bb6 8.Na4 Bd4 
9.Nxd4 Nxd4 10.Nc3 a5 11.b5 a4 12.Nxa4 c6 13.Nc3 d5 14.bxc6 dxc4 15.dxc4 
bxc6 16.Bd3 Nd7 17.O-O Nc5 18.Rb1 O-O 19.a4 Qa5 20.Ba3 Nxd3 21.Bxf8 Qxc3 
22.Bd6 Be6 23.Qh5 Nf4 24.Qxe5 Nde2+ 25.Kh1 Bh3 26.Rg1 Nd3 0-1

[Event "77th POL-ch"]
[Site "Warsaw POL"]
[Date "2020.07.22"]
[Round "1.2"]
[White "Tomczak, Jacek"]
[Black "Gumularz, Szymon"]
[Result "1-0"]
[WhiteElo "2605"]
[BlackElo "2513"]
[EventDate "2020.07.21"]
[PlyCount "75"]

1.e4 g6 2.d4 Bg7 3.Nc3 d6 4.Bg5 a6 5.f4 b5 6.Nf3 Nf6 7.Bd3 Bb7 8.e5 Nd5 9.
Nxd5 Bxd5 10.Qe2 Nd7 11.O-O dxe5 12.dxe5 O-O 13.c4 Bxf3 14.Rxf3 Nc5 15.Bh4
Ne6 16.Qe4 Qd4+ 17.Qxd4 Nxd4 18.Re3 bxc4 19.Be4 Rab8 20.Bxe7 Rfe8 21.Ba3 
Bf8 22.Bxf8 Kxf8 23.Rb1 f6 24.Rc1 Rxb2 25.Rxc4 Ne2+ 26.Kf1 Nxf4 27.exf6 
Nxg2 28.Rh3 Rd8 29.Rc1 Rdd2 30.Rxh7 Nf4 31.Re1 Rxh2 32.Rxh2 Rxh2 33.Rc1 
Ne2 34.Rxc7 Nf4 35.Bc2 Nh3 36.Rc6 Rf2+ 37.Ke1 Rf4 38.Bxg6 1-0

[Event "77th POL-ch"]
[Site "Warsaw POL"]
[Date "2020.07.21"]
[Round "1.1"]
[White "Socko, Bartosz"]
[Black "Sadzikowski, Daniel"]
[Result "1/2-1/2"]
[WhiteElo "2609"]
[BlackElo "2507"]
[EventDate "2020.07.21"]
[PlyCount "99"]

1.d4 Nf6 2.c4 e6 3.g3 d5 4.Bg2 Be7 5.Nf3 O-O 6.O-O Nbd7 7.Qc2 c6 8.Nbd2 b6
9.Rd1 Bb7 10.b3 c5 11.e3 Rc8 12.Bb2 b5 13.Ne5 cxd4 14.exd4 Nxe5 15.dxe5 
Nd7 16.Qb1 bxc4 17.bxc4 Nb6 18.Bd4 Qc7 19.Bxb6 axb6 20.cxd5 exd5 21.Qb2 
Bc5 22.Nb3 Rfd8 23.Rd3 Ba8 24.Rad1 d4 25.f4 Bxg2 26.Qxg2 Ra8 27.Kh1 Ra4 
28.R1d2 g6 29.Qe4 Qa7 30.e6 Qa8 31.Qxa8 Rdxa8 32.Nxd4 Bxd4 33.exf7+ Kxf7 
34.Rxd4 Rxd4 35.Rxd4 Rxa2 36.Rb4 Ra6 37.Kg2 Ke6 38.Kf3 Kd5 39.Rb1 Kc5 40.
Rc1+ Kd6 41.Rd1+ Ke6 42.Rb1 Kd5 43.Kg4 h6 44.f5 gxf5+ 45.Kxf5 Kc4 46.Rc1+ 
Kd5 47.Rd1+ Kc5 48.Rc1+ Kd5 49.Rb1 Kc4 50.Rc1+ 1/2-1/2

[Event "77th POL-ch"]
[Site "Warsaw POL"]
[Date "2020.07.22"]
[Round "1.2"]
[White "Sadzikowski, Daniel"]
[Black "Socko, Bartosz"]
[Result "1-0"]
[WhiteElo "2507"]
[BlackElo "2609"]
[EventDate "2020.07.21"]
[PlyCount "91"]

1.e4 e5 2.Nf3 Nc6 3.Bb5 a6 4.Ba4 Nf6 5.O-O Be7 6.Re1 d6 7.c3 Bg4 8.d3 Nd7 
9.Be3 O-O 10.Nbd2 Bf6 11.h3 Bxf3 12.Nxf3 Ne7 13.d4 c6 14.Bb3 Qc7 15.Qe2 
Rad8 16.Rad1 h6 17.dxe5 dxe5 18.Nh2 c5 19.Ng4 Bg5 20.Bxg5 hxg5 21.Rd2 b5 
22.Red1 c4 23.Bc2 f6 24.b4 Rfe8 25.h4 gxh4 26.Rxd7 Rxd7 27.Nxf6+ gxf6 28.
Qg4+ Kf7 29.Rxd7 Qc8 30.Bd1 Rh8 31.Qf5 Qc6 32.Bh5+ Rxh5 33.Qxh5+ Ke6 34.
Qg4+ f5 35.Rxe7+ Kxe7 36.Qxh4+ Kd7 37.Qh7+ Kd8 38.Qh4+ Kd7 39.exf5 Qd5 40.
Qh7+ Kd6 41.Qg6+ Kc7 42.f6 Kd6 43.f7+ Ke7 44.Qg7 Qxf7 45.Qxf7+ Kxf7 46.f3 
1-0

[Event "77th POL-ch"]
[Site "Warsaw POL"]
[Date "2020.07.21"]
[Round "1.1"]
[White "Piorun, Kacper"]
[Black "Pakleza, Zbigniew"]
[Result "1-0"]
[WhiteElo "2601"]
[BlackElo "2500"]
[EventDate "2020.07.21"]
[PlyCount "115"]

1.e4 e6 2.d4 d5 3.e5 c5 4.c3 Nc6 5.Nf3 Qb6 6.a3 c4 7.Nbd2 Na5 8.g3 Bd7 9.
Bg2 h6 10.O-O Ne7 11.Rb1 Qc7 12.Re1 Nc8 13.h4 Nb6 14.Nf1 Be7 15.N1h2 O-O-O
16.Bh3 Kb8 17.Rf1 a6 18.Qe2 Ka7 19.Kg2 Rde8 20.h5 Bd8 21.Bf4 Ba4 22.Rbe1 
Nc6 23.Qd2 Ne7 24.Rh1 Reg8 25.Ng4 Nf5 26.Qe2 Qc6 27.Kg1 Qb5 28.Bg2 Qb3 29.
Rc1 Bd7 30.Qd2 Ba4 31.Ne3 Nxe3 32.Bxe3 Qb5 33.Bf1 Nc8 34.Be2 Ne7 35.Nh4 
Nc6 36.b4 Be7 37.Ng2 a5 38.g4 axb4 39.axb4 Kb6 40.Rb1 Kc7 41.Rh3 Ra8 42.f4
f5 43.gxf5 exf5 44.Bf2 Na5 45.Ne3 Nb3 46.Qe1 Rhf8 47.Bf3 Rad8 48.Rg3 Kb8 
49.Bg2 Rf7 50.Rg6 Bf8 51.e6 Rc7 52.Nxf5 Bxb4 53.cxb4 c3 54.e7 Rh8 55.Nd6 
Qxb4 56.e8=Q+ Bxe8 57.Nxe8 c2 58.Nxc7 1-0

[Event "77th POL-ch"]
[Site "Warsaw POL"]
[Date "2020.07.22"]
[Round "1.3"]
[White "Pakleza, Zbigniew"]
[Black "Piorun, Kacper"]
[Result "0-1"]
[WhiteElo "2555"]
[BlackElo "2539"]
[EventDate "2020.07.21"]
[PlyCount "102"]

1.Nf3 Nf6 2.c4 e6 3.Nc3 d5 4.e3 Bd6 5.d4 O-O 6.Be2 dxc4 7.Bxc4 c5 8.O-O 
cxd4 9.exd4 Nc6 10.Qe2 Nd5 11.Ne4 Be7 12.Rd1 b6 13.Bg5 Bb7 14.Rac1 Rc8 15.
a3 h6 16.Bxe7 Ncxe7 17.g3 Nf5 18.Ba6 Qe7 19.Rxc8 Rxc8 20.Bxb7 Qxb7 21.Ne5 
Nde3 22.fxe3 Qxe4 23.Qf3 Qxf3 24.Nxf3 Nxe3 25.Re1 Nd5 26.Re2 a5 27.Kf2 Kf8
28.Ne5 Ke7 29.Rd2 f6 30.Ng4 Kd6 31.Ke2 Rc1 32.Nf2 Kc6 33.Kf3 h5 34.Re2 Kd7
35.h3 g5 36.Rd2 Re1 37.Rd3 Kc6 38.Rd2 Re3+ 39.Kg2 h4 40.gxh4 gxh4 41.Kh2 
Nf4 42.Rc2+ Kd5 43.Rc8 Kxd4 44.Rd8+ Nd5 45.Rh8 Re2 46.Kg1 Ke3 47.Ng4+ Kf3 
48.Rxh4 Kg3 49.Kf1 Nf4 50.Rh8 Rxb2 51.Nxf6 Rb1# 0-1

[Event "77th POL-ch"]
[Site "Warsaw POL"]
[Date "2020.07.22"]
[Round "1.4"]
[White "Piorun, Kacper"]
[Black "Pakleza, Zbigniew"]
[Result "1-0"]
[WhiteElo "2539"]
[BlackElo "2555"]
[EventDate "2020.07.21"]
[PlyCount "65"]

1.e4 d6 2.d4 Nf6 3.Nc3 c6 4.h3 b5 5.Bd3 e5 6.Nf3 Nbd7 7.O-O Be7 8.Ne2 O-O 
9.Ng3 Re8 10.c3 Bf8 11.a4 bxa4 12.Qxa4 Qb6 13.Be3 Qc7 14.Qa5 Qb7 15.dxe5 
Nxe5 16.Nxe5 Rxe5 17.Qa4 c5 18.Bf4 Bd7 19.Qa6 Qxb2 20.Bxe5 dxe5 21.Bc4 Be8
22.Rab1 Qxc3 23.Rfd1 h5 24.Qb7 h4 25.Nf5 Qxc4 26.Qxa8 Kh7 27.Rb8 Qa4 28.
Rbb1 c4 29.Ra1 Qc2 30.Ne3 Qe2 31.Re1 Qd3 32.Nd5 Nxe4 33.Rxe4 1-0

[Event "77th POL-ch"]
[Site "Warsaw POL"]
[Date "2020.07.21"]
[Round "1.1"]
[White "Krzyzanowski, Marcin"]
[Black "Krasenkow, Michal"]
[Result "0-1"]
[WhiteElo "2521"]
[BlackElo "2602"]
[EventDate "2020.07.21"]
[PlyCount "80"]

1.d4 d5 2.Nf3 c6 3.Bf4 Bf5 4.e3 Qb6 5.Qc1 e6 6.Be2 Nf6 7.h3 c5 8.O-O Nc6 
9.dxc5 Bxc5 10.c4 d4 11.exd4 Nxd4 12.Nxd4 Bxd4 13.Nc3 Ne4 14.Nd1 O-O 15.
Be3 e5 16.Re1 Qa5 17.Rf1 Rac8 18.a3 Qa4 19.Bxd4 exd4 20.b4 Qd7 21.Bd3 Ng3 
22.fxg3 Bxd3 23.Rf4 Bxc4 24.Qd2 d3 25.Ne3 Be6 26.Kh2 Rfd8 27.Rd1 Qa4 28.
Qb2 Qb3 29.Qxb3 Bxb3 30.Rd2 Rc3 31.b5 g6 32.g4 Re8 33.Rf3 Re5 34.g5 Rxg5 
35.Ng4 Rxb5 36.Nf6+ Kg7 37.Ne8+ Kf8 38.Nd6 Re5 39.Rdxd3 Rxd3 40.Rxd3 Bd5 
0-1

[Event "77th POL-ch"]
[Site "Warsaw POL"]
[Date "2020.07.22"]
[Round "1.2"]
[White "Krasenkow, Michal"]
[Black "Krzyzanowski, Marcin"]
[Result "1/2-1/2"]
[WhiteElo "2602"]
[BlackElo "2521"]
[EventDate "2020.07.21"]
[PlyCount "116"]

1.Nf3 d5 2.d4 Nf6 3.c4 c6 4.e3 e6 5.Bd3 dxc4 6.Bxc4 Nbd7 7.O-O Bd6 8.b3 b5
9.Be2 Bb7 10.Bb2 Qb8 11.Nbd2 O-O 12.Qc2 Rc8 13.Ne4 c5 14.Nxd6 Qxd6 15.d5 
exd5 16.Bxb5 d4 17.Qf5 Bxf3 18.Qxf3 Ne5 19.Qf4 Rab8 20.Be2 Nd5 21.Qg3 Qf6 
22.exd4 Ng6 23.Rad1 Ndf4 24.Bc4 cxd4 25.Bxd4 Rxc4 26.Bxf6 Ne2+ 27.Kh1 
Nxg3+ 28.hxg3 Rc2 29.Bd4 Rxa2 30.Ra1 Rxa1 31.Rxa1 Rxb3 32.Rxa7 h6 33.Ra8+ 
Kh7 34.Ra7 Rd3 35.Ba1 Rd8 36.Kh2 Kg8 37.g4 Nf4 38.Be5 Ne6 39.f3 Rd5 40.Bg3
Rd2 41.Ra8+ Kh7 42.Ra7 f6 43.Re7 Nd4 44.Kh3 Rd1 45.Bf2 Nc6 46.Rc7 Ne5 47.
Kg3 Nd7 48.Bc5 g5 49.Ba3 Kg6 50.Bb4 Rd3 51.Ra7 Ne5 52.Bf8 Nd7 53.Bb4 h5 
54.gxh5+ Kxh5 55.Ra6 Rb3 56.Be7 Kg6 57.Rd6 Rb7 58.Bd8 Kf7 1/2-1/2

[Event "77th POL-ch"]
[Site "Warsaw POL"]
[Date "2020.07.21"]
[Round "1.1"]
[White "Olszewski, Michal"]
[Black "Dziuba, Marcin"]
[Result "0-1"]
[WhiteElo "2551"]
[BlackElo "2585"]
[EventDate "2020.07.21"]
[PlyCount "52"]

1.e4 c5 2.Ne2 Nc6 3.Nbc3 Nd4 4.d3 g6 5.Be3 Bg7 6.Qd2 d6 7.Nd1 e5 8.c3 Nc6 
9.d4 Nf6 10.f3 cxd4 11.cxd4 d5 12.dxe5 Nxe5 13.Bd4 Nc6 14.e5 Nd7 15.f4 
Nxd4 16.Nxd4 O-O 17.Nc3 Nc5 18.b4 Ne4 19.Nxe4 dxe4 20.Bc4 Qb6 21.Nb5 Be6 
22.Bxe6 fxe6 23.a4 Rad8 24.Qf2 e3 25.Qe2 a6 26.Nc3 Rxf4 0-1

[Event "77th POL-ch"]
[Site "Warsaw POL"]
[Date "2020.07.22"]
[Round "1.2"]
[White "Dziuba, Marcin"]
[Black "Olszewski, Michal"]
[Result "1/2-1/2"]
[WhiteElo "2585"]
[BlackElo "2551"]
[EventDate "2020.07.21"]
[PlyCount "117"]

1.d4 Nf6 2.c4 g6 3.Nc3 d5 4.cxd5 Nxd5 5.Bd2 Bg7 6.e4 Nb6 7.Be3 O-O 8.Bb5 
Be6 9.Nf3 Nc4 10.Bxc4 Bxc4 11.Qa4 Ba6 12.O-O-O Qd7 13.Ne5 Qxa4 14.Nxa4 b6 
15.Nc3 Bb7 16.h4 c5 17.h5 cxd4 18.Bxd4 f6 19.Ng4 Nc6 20.hxg6 hxg6 21.Nh6+ 
Bxh6+ 22.Rxh6 Rfd8 23.Be3 Rxd1+ 24.Kxd1 Rd8+ 25.Kc2 Ne5 26.f3 g5 27.Rh1 g4
28.fxg4 Nxg4 29.Bf4 Rd4 30.Re1 f5 31.Bb8 fxe4 32.Bxa7 Rd6 33.Bb8 Rf6 34.a4
Rf2+ 35.Re2 e3 36.Bg3 Ba6 37.Bxf2 exf2 38.Rxf2 Nxf2 39.Nd5 Kf7 40.b4 Bb7 
41.Nxb6 Bxg2 42.Kc3 e5 43.b5 Ne4+ 44.Kb4 Nd6 45.a5 Bf1 46.Nd7 e4 47.b6 e3 
48.Kc3 Nb7 49.Ne5+ Ke6 50.Ng4 e2 51.Kd2 Nc5 52.Ne3 Nd3 53.Nc2 Kd7 54.a6 
Kc8 55.Ne1 Nc5 56.Nc2 Nd3 57.Ne1 Nb4 58.Nf3 Nd3 59.Ne1 1/2-1/2

[Event "77th POL-ch"]
[Site "Warsaw POL"]
[Date "2020.07.21"]
[Round "1.1"]
[White "Gajewski, Grzegorz"]
[Black "Janik, Igor"]
[Result "1-0"]
[WhiteElo "2618"]
[BlackElo "2467"]
[EventDate "2020.07.21"]
[PlyCount "105"]

1.d4 d5 2.Nf3 Nf6 3.c4 dxc4 4.e3 e6 5.Bxc4 a6 6.O-O b5 7.Be2 Bb7 8.b3 Nbd7
9.Bb2 c5 10.a4 b4 11.Nbd2 Be7 12.Nc4 O-O 13.Nfe5 cxd4 14.Bxd4 Nxe5 15.Bxe5
Nd5 16.Rc1 Bf6 17.Bxf6 gxf6 18.Bf3 Rb8 19.Bxd5 Qxd5 20.Qg4+ Kh8 21.f3 Rbd8
22.Qf4 Qg5 23.Qxg5 fxg5 24.Na5 Ba8 25.Rfd1 Kg7 26.Kf2 f5 27.Rc7+ Kg6 28.
Rxd8 Rxd8 29.Nc4 Rd1 30.Ne5+ Kh6 31.Rc8 Bd5 32.Rg8 Kh5 33.Kg3 Bxb3 34.h4 
f4+ 35.exf4 gxf4+ 36.Kxf4 Rd4+ 37.Kg3 Rxh4 38.Ng4 e5 39.Nf6+ Kh6 40.Kxh4 
Bxg8 41.Nxg8+ Kg7 42.Ne7 Kf7 43.Nc6 b3 44.Nxe5+ Ke6 45.Nc4 Kd5 46.Na3 b2 
47.f4 Kc5 48.f5 Kb4 49.Nb1 Kb3 50.f6 Kc2 51.Na3+ Kb3 52.f7 Kxa3 53.f8=Q+ 
1-0

[Event "77th POL-ch"]
[Site "Warsaw POL"]
[Date "2020.07.22"]
[Round "1.2"]
[White "Janik, Igor"]
[Black "Gajewski, Grzegorz"]
[Result "1-0"]
[WhiteElo "2467"]
[BlackElo "2618"]
[EventDate "2020.07.21"]
[PlyCount "59"]

1.c4 e6 2.Nf3 d5 3.g3 Nf6 4.Bg2 Be7 5.O-O O-O 6.d4 dxc4 7.Qc2 a6 8.a4 Bd7 
9.Rd1 Bc6 10.Bg5 b5 11.Bxf6 Bxf6 12.Nc3 Qe8 13.d5 exd5 14.Nd4 Bxd4 15.Rxd4
Nd7 16.Nxd5 Qe5 17.Ne7+ Qxe7 18.Bxc6 Rad8 19.axb5 Ne5 20.Rxd8 Rxd8 21.Rxa6
g6 22.Kg2 Qc5 23.Qc3 Rb8 24.b4 Qe7 25.Be4 Re8 26.Bd5 h5 27.f4 c6 28.bxc6 
Nxc6 29.e4 Qxb4 30.Qf6 1-0

[Event "77th POL-ch"]
[Site "Warsaw POL"]
[Date "2020.07.22"]
[Round "1.3"]
[White "Gajewski, Grzegorz"]
[Black "Janik, Igor"]
[Result "1-0"]
[WhiteElo "2515"]
[BlackElo "2531"]
[EventDate "2020.07.21"]
[PlyCount "107"]

1.d4 d5 2.Nf3 Nf6 3.c4 dxc4 4.e3 e6 5.Bxc4 a6 6.O-O b5 7.Bd3 Bb7 8.a4 b4 
9.Qe2 c5 10.Nbd2 Be7 11.Nc4 O-O 12.a5 Nbd7 13.Rd1 Qb8 14.Bd2 Rd8 15.Rac1 
Bc6 16.Nce5 Ba4 17.Re1 Nxe5 18.Nxe5 Be8 19.Nc4 cxd4 20.Nb6 Ra7 21.exd4 Qb7
22.Bf4 Bc6 23.Be5 Nd7 24.Nxd7 Rxd7 25.Bxh7+ Kxh7 26.Qc2+ Kg8 27.Qxc6 Qxc6 
28.Rxc6 Rd5 29.Bc7 b3 30.Bb6 Ra8 31.Re3 Bb4 32.Rxb3 Bxa5 33.Bc5 e5 34.g3 
exd4 35.Rd3 Rad8 36.b4 Rxc5 37.bxc5 Rd5 38.Rd6 Rxc5 39.R3xd4 Rc1+ 40.Kg2 
Be1 41.Rxa6 Rc2 42.Rf4 Bd2 43.Ra8+ Kh7 44.Rxf7 Be3 45.h4 Bd4 46.Rf4 Be5 
47.Rf5 Bd4 48.h5 Rb2 49.g4 g6 50.hxg6+ Kxg6 51.Ra6+ Kg7 52.Kg3 Rb3+ 53.f3 
Rb1 54.Rd5 1-0

[Event "77th POL-ch"]
[Site "Warsaw POL"]
[Date "2020.07.22"]
[Round "1.4"]
[White "Janik, Igor"]
[Black "Gajewski, Grzegorz"]
[Result "1/2-1/2"]
[WhiteElo "2531"]
[BlackElo "2515"]
[EventDate "2020.07.21"]
[PlyCount "113"]

1.c4 e6 2.Nf3 d5 3.g3 Nf6 4.Bg2 dxc4 5.Qa4+ Bd7 6.Qxc4 c5 7.Ne5 Qc8 8.O-O 
Nc6 9.Nxd7 Qxd7 10.Nc3 Be7 11.d3 O-O 12.Bg5 b6 13.b4 Rac8 14.bxc5 Nd4 15.
c6 Nxc6 16.Qa4 h6 17.Bxf6 Bxf6 18.Rac1 Nb8 19.Qxd7 Nxd7 20.Nb5 a6 21.Nd6 
Rxc1 22.Rxc1 Nc5 23.Nc4 Na4 24.e3 Rc8 25.Bb7 Rc7 26.Bxa6 Nc5 27.Bb5 Nxd3 
28.Rb1 Ne5 29.Nxb6 Rb7 30.Nc8 Nf3+ 31.Kg2 Nd2 32.Rd1 Rxb5 33.Rxd2 g6 34.
Nd6 Rb4 35.Kf3 Be5 36.Ne4 Kg7 37.Rd7 Rc4 38.Ra7 g5 39.h3 Kg6 40.g4 f5 41.
gxf5+ exf5 42.Ra6+ Kg7 43.Nd2 Rc2 44.Nb3 h5 45.Ra5 g4+ 46.hxg4 hxg4+ 47.
Kg2 Kf6 48.Nc5 Bd6 49.Ra6 Ke7 50.Nd3 g3 51.Kf3 Rd2 52.Ra7+ Kf6 53.Ra6 Rxd3
54.fxg3 Ke5 55.Ra5+ Ke6 56.Ra6 Ra3 57.Rxa3 1/2-1/2

[Event "77th POL-ch"]
[Site "Warsaw POL"]
[Date "2020.07.23"]
[Round "2.1"]
[White "Heberla, Bartlomiej"]
[Black "Teclaf, Pawel"]
[Result "1-0"]
[WhiteElo "2572"]
[BlackElo "2451"]
[EventDate "2020.07.21"]
[PlyCount "71"]

1.d4 Nf6 2.c4 b6 3.Nc3 Bb7 4.Nf3 e6 5.a3 g6 6.Qc2 Bxf3 7.exf3 Nc6 8.Be3 
Bg7 9.O-O-O Ne7 10.g4 d5 11.h4 dxc4 12.Bxc4 h5 13.d5 Nfxd5 14.Nxd5 Nxd5 
15.Bxd5 exd5 16.Qc6+ Kf8 17.Bg5 Qe8 18.Qxd5 c6 19.Qd6+ Kg8 20.Rhe1 Qf8 21.
Re7 hxg4 22.fxg4 Bh6 23.Rde1 Rd8 24.Qf6 Rh7 25.Bxh6 Qxh6+ 26.g5 Qf8 27.Kb1
Rc8 28.R1e4 Rg7 29.f4 c5 30.Rd7 c4 31.Red4 Qc5 32.h5 Rc6 33.Qd8+ Kh7 34.
hxg6+ Rcxg6 35.R7d5 Qc6 36.f5 1-0

[Event "77th POL-ch"]
[Site "Warsaw POL"]
[Date "2020.07.24"]
[Round "2.2"]
[White "Teclaf, Pawel"]
[Black "Heberla, Bartlomiej"]
[Result "1/2-1/2"]
[WhiteElo "2451"]
[BlackElo "2572"]
[EventDate "2020.07.21"]
[PlyCount "156"]

1.Nf3 d5 2.e3 Nf6 3.c4 e6 4.Nc3 c5 5.cxd5 exd5 6.d4 Nc6 7.Bb5 Bd6 8.dxc5 
Bxc5 9.O-O O-O 10.b3 Bg4 11.Bb2 Bd6 12.Rc1 Rc8 13.Be2 Bb8 14.Nd4 Qd6 15.g3
Bh3 16.Re1 Qe7 17.Nxc6 bxc6 18.Qd4 Bd6 19.Bf3 Ba3 20.Na4 Bxb2 21.Qxb2 c5 
22.Qc2 c4 23.Qb2 cxb3 24.Qxb3 Be6 25.Nc3 Rfd8 26.Qb2 Rb8 27.Qe2 d4 28.exd4
Rxd4 29.Nb5 Rd7 30.Bc6 Rdd8 31.Qe3 Qb4 32.Nc7 Qb6 33.Nxe6 Qxe3 34.Rxe3 
fxe6 35.Rxe6 Rb2 36.Re7 Rxa2 37.Bf3 Ra3 38.Kg2 Kh8 39.Rcc7 Rg8 40.Rxa7 
Rxa7 41.Rxa7 Rd8 42.g4 g5 43.h4 h6 44.Rf7 Rd6 45.Be2 Nd5 46.Bf3 Nf4+ 47.
Kh2 Rd2 48.hxg5 hxg5 49.Rf5 Rxf2+ 50.Kg3 Rb2 51.Rxg5 Ne6 52.Re5 Nf8 53.Be4
Kg7 54.g5 Kf7 55.Rf5+ Kg7 56.Ra5 Ne6 57.Ra7+ Kf8 58.g6 Rb5 59.Rf7+ Kg8 60.
Re7 Ng7 61.Kg4 Nh5 62.Bf5 Ng7 63.Be4 Nh5 64.Rf7 Rb4 65.Kf3 Rb3+ 66.Kf2 Rb8
67.Bf3 Ng7 68.Bd5 Kh8 69.Kf3 Rd8 70.Kg4 Re8 71.Rf6 Rd8 72.Rf7 Re8 73.Rf1 
Ne6 74.Kh5 Rf8 75.Rh1 Kg7 76.Kg4 Rf4+ 77.Kg3 Rf6 78.Be4 Nf8 1/2-1/2

[Event "77th POL-ch"]
[Site "Warsaw POL"]
[Date "2020.07.23"]
[Round "2.1"]
[White "Tomczak, Jacek"]
[Black "Sadzikowski, Daniel"]
[Result "1/2-1/2"]
[WhiteElo "2605"]
[BlackElo "2507"]
[EventDate "2020.07.21"]
[PlyCount "81"]

1.e4 e5 2.Nf3 Nc6 3.Bb5 a6 4.Ba4 Nf6 5.O-O Be7 6.Re1 b5 7.Bb3 d6 8.c3 O-O 
9.d4 Bg4 10.Be3 Bh5 11.Nbd2 exd4 12.cxd4 Na5 13.d5 c5 14.dxc6 Rc8 15.Rc1 
Nxc6 16.Nf1 Bg6 17.Nh4 Bxe4 18.Ng3 d5 19.Nhf5 Bb4 20.Bd2 Bxd2 21.Qxd2 Bxf5
22.Nxf5 Kh8 23.Qf4 Re8 24.Red1 Re4 25.Nd6 Rxf4 26.Nxf7+ Kg8 27.Nxd8 Rxd8 
28.Rxc6 a5 29.a3 a4 30.Ba2 b4 31.g3 Re4 32.Kf1 Kf8 33.Rc5 bxa3 34.bxa3 Rb8
35.Rc2 Rb5 36.Rcd2 Re5 37.Rd4 Rb2 38.R1d2 Rxd2 39.Rxd2 Re7 40.Rd4 Rb7 41.
Rd2 1/2-1/2

[Event "77th POL-ch"]
[Site "Warsaw POL"]
[Date "2020.07.24"]
[Round "2.2"]
[White "Sadzikowski, Daniel"]
[Black "Tomczak, Jacek"]
[Result "1/2-1/2"]
[WhiteElo "2507"]
[BlackElo "2605"]
[EventDate "2020.07.21"]
[PlyCount "138"]

1.e4 c5 2.Nc3 a6 3.Nge2 b5 4.d4 cxd4 5.Nxd4 Bb7 6.Bg5 h6 7.Bh4 Qb6 8.Nd5 
Bxd5 9.exd5 g5 10.Bg3 Bg7 11.c3 Bxd4 12.Qxd4 Qxd4 13.cxd4 d6 14.a4 bxa4 
15.h4 g4 16.Rxa4 Nf6 17.Bb5+ Kf8 18.O-O Kg7 19.Rc1 Ra7 20.Be2 Rb7 21.Rc2 
h5 22.f3 gxf3 23.Bxf3 Rb5 24.Be1 Nxd5 25.Ra5 Rxa5 26.Bxa5 e6 27.Kf2 Kf6 
28.Bxd5 exd5 29.Rc7 Ke6 30.b4 Rg8 31.Kf3 Nd7 32.Rc6 Nf6 33.Rxa6 Ne4 34.b5 
Rg3+ 35.Kf4 Rxg2 36.b6 Rf2+ 37.Ke3 Rb2 38.Ra7 Rb3+ 39.Kf4 f6 40.Rc7 Nf2 
41.Rc3 Rb5 42.Re3+ Ne4 43.Ra3 Rb2 44.Ra4 f5 45.Ke3 Rb3+ 46.Kf4 Nf2 47.Kg5 
Nd3 48.Ra1 f4 49.Rf1 Rb5 50.Bd2 Rb2 51.Bxf4 Nxf4 52.Rxf4 Rxb6 53.Kxh5 Rb8 
54.Kg6 Rg8+ 55.Kh7 Rg1 56.h5 Rg2 57.h6 Rg1 58.Kh8 Rg5 59.Rf8 Rg6 60.h7 Rg4
61.Rg8 Rxd4 62.Kg7 Rh4 63.h8=Q Rxh8 64.Rxh8 Kf5 65.Kh6 d4 66.Rf8+ Ke4 67.
Re8+ Kf3 68.Rd8 d3 69.Rxd6 Ke2 1/2-1/2

[Event "77th POL-ch"]
[Site "Warsaw POL"]
[Date "2020.07.24"]
[Round "2.3"]
[White "Tomczak, Jacek"]
[Black "Sadzikowski, Daniel"]
[Result "0-1"]
[WhiteElo "2563"]
[BlackElo "2374"]
[EventDate "2020.07.21"]
[PlyCount "88"]

1.e4 e5 2.Bc4 Nf6 3.d4 exd4 4.Nf3 Nc6 5.e5 d5 6.Bb5 Nd7 7.O-O Be7 8.Bxc6 
bxc6 9.Nxd4 Nb8 10.Qf3 O-O 11.Nc3 Re8 12.Bf4 Bd7 13.Rfe1 Na6 14.Rad1 Nc5 
15.Bc1 Qc8 16.h3 a5 17.Qg3 Bf8 18.f4 Ra6 19.Qf3 Ne6 20.Nde2 Nc5 21.g4 Ne4 
22.Nxe4 dxe4 23.Qxe4 c5 24.f5 Bd6 25.Bf4 Bc6 26.Qe3 Rb6 27.Qg3 Bf8 28.b3 
c4 29.Nd4 Bc5 30.Kh2 Ba8 31.e6 Bxd4 32.exf7+ Kxf7 33.Rxd4 cxb3 34.axb3 Rb4
35.Be5 Rxd4 36.Bxd4 Qb7 37.Rd1 Rd8 38.Qf2 c5 39.f6 cxd4 40.fxg7+ Kxg7 41.
Rxd4 Rf8 42.Qd2 Qh1+ 43.Kg3 Rf3+ 44.Kh4 Qxh3+ 0-1